| 000 | 00686nam a22001817a 4500 | ||
|---|---|---|---|
| 010 | _aB-593940 | ||
| 020 |
_a99781471136221 _c399.00 |
||
| 035 | _aB-593940 | ||
| 082 | _aN | ||
| 100 | _aBernstein, J.B. | ||
| 245 |
_aMillion dollar arm: _cby J. B. Bernstein _bsometimes to win, you have to change the game/ |
||
| 260 |
_aLondon _bSimon & Schuster _c2014 |
||
| 270 |
_a222 Gray's Inn Road _bLondon |
||
| 300 |
_a233p _c22cm(pbk) |
||
| 700 | _aPaley, Rebecca | ||
| 942 |
_2ddc _cEN _hN _mBER |
||
| 999 |
_c93123 _d93123 |
||